[Event "FIRST SATURDAY FM-B JUNE 2013"]
[Site "Budapest"]
[Date "2013.06.01"]
[Round "1.1"]
[White "Vasilev, Sergey"]
[Black "Csiba, Tibor Dr"]
[Result "1/2-1/2"]
[WhiteElo "1521"]
[BlackElo "1587"]
[PlyCount "78"]
[EventDate "2013.06.01"]

1. Nf3 Nf6 2. b4 e6 3. b5 a6 4. c4 d5 5. cxd5 exd5 6. e3 axb5 7. Bxb5+ c6 8.
Ba4 Bf5 9. O-O Bd6 10. Bb2 Nbd7 11. Nc3 O-O 12. Bc2 Bxc2 13. Qxc2 Ne5 14. Nxe5
Bxe5 15. f4 Bd6 16. Ne2 Ba3 17. Bd4 c5 18. Be5 Ng4 19. Bc3 Re8 20. h3 Nf6 21.
Rab1 d4 22. Nxd4 cxd4 23. Bxd4 Qd5 24. Rb6 Rec8 25. Qb3 Bc5 26. Bxf6 Qxb3 27.
Rxb3 gxf6 28. Rxb7 Rxa2 29. Rd7 Bb4 30. Rb1 Bxd2 31. Kf2 Re8 32. Rbb7 Bxe3+ 33.
Kg3 Bf2+ 34. Kg4 Bc5 35. Rxf7 Rxg2+ 36. Kf3 Rf2+ 37. Kg4 Rg2+ 38. Kf3 Rf2+ 39.
Kg4 Rg2+ 1/2-1/2

[Event "FIRST SATURDAY FM-B JUNE 2013"]
[Site "Budapest"]
[Date "2013.06.01"]
[Round "1.2"]
[White "Szabo, Miklos Istvan"]
[Black "Schmidt, Wolfgang"]
[Result "0-1"]
[WhiteElo "1322"]
[BlackElo "1450"]
[PlyCount "82"]
[EventDate "2013.06.01"]

1. e4 c5 2. Nf3 d6 3. d4 cxd4 4. Nxd4 Nf6 5. Nc3 a6 6. Be2 e6 7. O-O Be7 8. Bg5
O-O 9. a4 Nc6 10. Nxc6 bxc6 11. a5 Rb8 12. Ra2 Qc7 13. Re1 d5 14. e5 Qxe5 15.
Bh4 Qc7 16. f4 Bc5+ 17. Kh1 Nd7 18. Bd3 Bd6 19. Qh5 g6 20. Qf3 Bxf4 21. Ne2 Bd6
22. Ng3 Ne5 23. Qf6 Nd7 24. Qf3 e5 25. Be2 e4 26. Qe3 Be5 27. c3 f5 28. Qh6 Nf6
29. Bd1 f4 30. Nf1 Ng4 31. Bxg4 Bxg4 32. b4 f3 33. Kg1 Rbe8 34. Rf2 Bxc3 35.
Rb1 Bd4 36. Ne3 Qa7 37. Bg5 Be6 38. Rc1 fxg2 39. Rxg2 Bg7 40. Qh4 d4 41. Qxe4
Bd5 0-1

[Event "FIRST SATURDAY FM-B JUNE 2013"]
[Site "Budapest"]
[Date "2013.06.01"]
[Round "1.3"]
[White "Brassoi-Tarnovszki, Aurel"]
[Black "Nemeth, Otto"]
[Result "0-1"]
[WhiteElo "1642"]
[BlackElo "1724"]
[PlyCount "86"]
[EventDate "2013.06.01"]

1. e4 c5 2. Nf3 d6 3. d4 cxd4 4. Nxd4 Nf6 5. Nc3 e5 6. Nb3 a6 7. Bg5 Be7 8. Qd2
Be6 9. Be2 Nc6 10. O-O Rc8 11. f4 exf4 12. Bxf4 O-O 13. Rad1 Ne5 14. Nd4 Bc4
15. Nf5 Re8 16. Nxe7+ Rxe7 17. Bxe5 Rxe5 18. Qxd6 Qxd6 19. Rxd6 Bxe2 20. Nxe2
Rxc2 21. Ng3 Rxb2 22. a3 Kf8 23. Rd4 b5 24. Rc1 Re8 25. Rd6 a5 26. Ra6 a4 27.
Ra7 Nxe4 28. Rf1 f6 29. Nh5 Nd2 30. Nxg7 Nxf1 31. Nxe8 Kxe8 32. Kxf1 Rb3 33.
Rb7 h6 34. h4 h5 35. Rh7 Rxa3 36. Rxh5 Rb3 37. Rh8+ Kf7 38. Ke2 a3 39. Kd2 Rb2+
40. Kc3 b4+ 41. Kc4 a2 42. Ra8 b3 43. Kc3 Rb1 0-1

[Event "FIRST SATURDAY FM-B JUNE 2013"]
[Site "Budapest"]
[Date "2013.06.01"]
[Round "1.4"]
[White "Marcu, Simon"]
[Black "Takacs, Zsolt"]
[Result "0-1"]
[WhiteElo "1879"]
[BlackElo "1830"]
[PlyCount "114"]
[EventDate "2013.06.01"]

1. d4 Nf6 2. c4 g6 3. Nc3 d5 4. e3 Bg7 5. b3 O-O 6. Bd3 c5 7. Nge2 cxd4 8. exd4
Nc6 9. Be3 a6 10. Rc1 dxc4 11. bxc4 Ng4 12. Be4 Nxe3 13. fxe3 Na5 14. Qd3 Bd7
15. O-O Rc8 16. c5 e6 17. Rb1 Bc6 18. Bxc6 Rxc6 19. Ne4 f5 20. Nd6 b6 21. Rfc1
Qc7 22. Qc2 Rd8 23. Nf4 Qe7 24. a3 bxc5 25. dxc5 Be5 26. Qa2 Bxd6 27. Nxe6
Bxh2+ 28. Kxh2 Qxe6 29. Qxe6+ Rxe6 30. Rb6 Rxb6 31. cxb6 Rb8 32. Rc5 Nb7 33.
Rc7 Nd8 34. Rd7 Ne6 35. Rd6 Nc5 36. g4 fxg4 37. Rd5 Na4 38. Ra5 Nxb6 39. Rxa6
Nc4 40. e4 Re8 41. a4 Rxe4 42. a5 Nxa5 43. Rxa5 Kg7 44. Kg3 h5 45. Ra7+ Kf6 46.
Ra6+ Kf5 47. Ra5+ Re5 48. Ra8 Re6 49. Kg2 g3 50. Ra5+ Kf4 51. Ra4+ Re4 52. Ra2
Kg4 53. Rb2 h4 54. Rb1 h3+ 55. Kg1 h2+ 56. Kg2 Re2+ 57. Kh1 Kh3 0-1

[Event "FIRST SATURDAY FM-B JUNE 2013"]
[Site "Budapest"]
[Date "2013.06.01"]
[Round "1.5"]
[White "Mayer, Istvan"]
[Black "Mihaly, Zoltan"]
[Result "1-0"]
[WhiteElo "2060"]
[BlackElo "1798"]
[PlyCount "70"]
[EventDate "2013.06.01"]

1. e4 c5 2. Nf3 g6 3. d4 cxd4 4. Qxd4 Nf6 5. Nc3 Bg7 6. e5 Nc6 7. Qa4 Ng8 8.
Bf4 Qa5 9. Qxa5 Nxa5 10. Nb5 Kf8 11. O-O-O a6 12. Nc7 Rb8 13. e6 d6 14. exf7
Kxf7 15. Ng5+ Kf8 16. Nce6+ Bxe6 17. Nxe6+ Kf7 18. Nxg7 Kxg7 19. Bd2 Nc6 20.
Bc3+ Nf6 21. g4 g5 22. Bg2 Kg6 23. h4 h6 24. h5+ Kf7 25. Bd5+ Kg7 26. Rhe1 Rhe8
27. Re6 Ne5 28. f3 Nxd5 29. Rxd5 Kf7 30. Rxh6 Rh8 31. Rxh8 Rxh8 32. Bxe5 dxe5
33. Rxe5 Kf6 34. Rf5+ Ke6 35. Rxg5 Rh6 1-0

[Event "FIRST SATURDAY FM-B JUNE 2013"]
[Site "Budapest"]
[Date "2013.06.01"]
[Round "1.6"]
[White "Steer, Jozsef"]
[Black "Lukacs, Albert"]
[Result "1/2-1/2"]
[WhiteElo "1938"]
[BlackElo "1917"]
[PlyCount "26"]
[EventDate "2013.06.01"]

1. e4 c5 2. Nf3 e6 3. a3 Nc6 4. Nc3 a6 5. d4 cxd4 6. Nxd4 Qc7 7. Nb3 Nf6 8. g3
b5 9. Bg2 Bb7 10. O-O Ne5 11. Bf4 d6 12. Bxe5 dxe5 13. Qe2 Be7 1/2-1/2

[Event "FIRST SATURDAY FM-B JUNE 2013"]
[Site "Budapest"]
[Date "2013.06.02"]
[Round "2.1"]
[White "Csiba, Tibor Dr"]
[Black "Lukacs, Albert"]
[Result "0-1"]
[WhiteElo "1587"]
[BlackElo "1917"]
[PlyCount "80"]
[EventDate "2013.06.01"]

1. d4 d5 2. c4 e6 3. Nc3 Nf6 4. cxd5 exd5 5. Bg5 Be7 6. e3 c6 7. Qc2 Qa5 8. Bd3
h6 9. Bxf6 Bxf6 10. Nge2 Na6 11. Bxa6 Qxa6 12. O-O O-O 13. Rfe1 g6 14. Ng3 h5
15. Qe2 Qxe2 16. Ngxe2 Bf5 17. Ng3 Be6 18. Rac1 Rac8 19. Na4 b6 20. b4 Be7 21.
a3 Bd7 22. Nc3 a5 23. Na4 Rb8 24. bxa5 bxa5 25. Nc5 Bc8 26. a4 h4 27. Nf1 Bf5
28. e4 dxe4 29. Nxe4 Rb4 30. Rxc6 Rxd4 31. Nc3 Bb4 32. Nb5 Rg4 33. Ra1 Rxg2+
34. Kxg2 Be4+ 35. Kh3 Bxc6 36. Kxh4 Re8 37. Ng3 Kg7 38. Rc1 Bf3 39. Rc7 Rh8+
40. Kg5 Bd2# 0-1

[Event "FIRST SATURDAY FM-B JUNE 2013"]
[Site "Budapest"]
[Date "2013.06.02"]
[Round "2.2"]
[White "Mihaly, Zoltan"]
[Black "Steer, Jozsef"]
[Result "1/2-1/2"]
[WhiteElo "1798"]
[BlackElo "1938"]
[PlyCount "36"]
[EventDate "2013.06.01"]

1. e4 e5 2. Nf3 Nc6 3. Bb5 a6 4. Bxc6 dxc6 5. O-O Bd6 6. Nc3 Bg4 7. Re1 Bxf3 8.
Qxf3 Nf6 9. d3 O-O 10. Bg5 Be7 11. Bxf6 Bxf6 12. Rad1 Re8 13. a3 Qd4 14. Qe3
Qxe3 15. Rxe3 Bg5 16. Ree1 Rad8 17. f3 c5 18. Ne2 Kf8 1/2-1/2

[Event "FIRST SATURDAY FM-B JUNE 2013"]
[Site "Budapest"]
[Date "2013.06.02"]
[Round "2.3"]
[White "Takacs, Zsolt"]
[Black "Mayer, Istvan"]
[Result "1-0"]
[WhiteElo "1830"]
[BlackElo "2060"]
[PlyCount "61"]
[EventDate "2013.06.01"]

1. e4 c5 2. Nf3 d6 3. d4 cxd4 4. Nxd4 Nf6 5. Nc3 g6 6. Bc4 Bg7 7. f3 O-O 8. Be3
Nc6 9. Qd2 a6 10. Bb3 Nxd4 11. Bxd4 Be6 12. Nd5 Bxd5 13. exd5 Ne8 14. O-O-O b5
15. Bxg7 Nxg7 16. g4 a5 17. c3 a4 18. Bc2 a3 19. b3 Rc8 20. Rde1 e5 21. h4 Qf6
22. Be4 Qf4 23. Qxf4 exf4 24. Kd2 f5 25. Bd3 Rc5 26. c4 b4 27. h5 fxg4 28. hxg6
h5 29. fxg4 hxg4 30. Rh7 Re8 31. Rxg7+ 1-0

[Event "FIRST SATURDAY FM-B JUNE 2013"]
[Site "Budapest"]
[Date "2013.06.02"]
[Round "2.4"]
[White "Nemeth, Otto"]
[Black "Marcu, Simon"]
[Result "0-1"]
[WhiteElo "1724"]
[BlackElo "1879"]
[PlyCount "120"]
[EventDate "2013.06.01"]

1. e4 e5 2. Bc4 c6 3. Nc3 b5 4. Bb3 a5 5. a3 Nf6 6. d3 Be7 7. Nf3 O-O 8. h3 Qc7
9. O-O d6 10. Be3 Nbd7 11. Nh2 Rb8 12. Ng4 d5 13. exd5 b4 14. axb4 axb4 15.
dxc6 Qxc6 16. Nxf6+ Nxf6 17. Ne2 Bb7 18. f3 Nd5 19. Bf2 Rbd8 20. Ng3 f5 21. Qe2
Bd6 22. f4 exf4 23. Qe6+ Kh8 24. Bxd5 Qxd5 25. Qxd5 Bxd5 26. Ne2 g5 27. c4 Ba8
28. Ra7 Be5 29. d4 Bg7 30. Rfa1 f3 31. gxf3 Bxf3 32. Ng3 Bxd4 33. Bxd4+ Rxd4
34. Rc7 Rd1+ 35. Rxd1 Bxd1 36. Kf2 h5 37. Rc5 h4 38. Nf1 Bc2 39. Ne3 b3 40. Rc6
Kg7 41. Nd5 g4 42. Rc7+ Kh6 43. Nf4 g3+ 44. Kf1 Ra8 45. Rc6+ Kg7 46. Ke2 Ra2
47. Rc7+ Kg8 48. Rc8+ Kf7 49. Rc7+ Ke8 50. c5 Be4 51. Rg7 Rxb2+ 52. Ke3 Rc2 53.
Kd4 b2 54. Ne6 b1=Q 55. Nc7+ Kd8 56. Ne6+ Kc8 57. Rg8+ Kb7 58. Rg7+ Ka6 59. Rg8
Qa1+ 60. Ke3 Qe5 0-1

[Event "FIRST SATURDAY FM-B JUNE 2013"]
[Site "Budapest"]
[Date "2013.06.02"]
[Round "2.6"]
[White "Vasilev, Sergey"]
[Black "Szabo, Miklos Istvan"]
[Result "1-0"]
[WhiteElo "1521"]
[BlackElo "1322"]
[PlyCount "75"]
[EventDate "2013.06.01"]

1. Nf3 d5 2. b4 Nf6 3. Bb2 e6 4. a3 Be7 5. e3 O-O 6. c4 c5 7. bxc5 Bxc5 8. Nc3
Nc6 9. cxd5 exd5 10. Bb5 Bg4 11. h3 Bf5 12. Na4 Bd6 13. Nh4 Bg6 14. Nxg6 fxg6
15. Qc2 Rc8 16. Nc3 Ne5 17. Qb3 Nc4 18. Nxd5 Nxb2 19. Ne7+ Kh8 20. Nxc8 Qxc8
21. Qxb2 a6 22. Be2 Qc6 23. O-O b5 24. Bf3 Qd7 25. Rac1 Rc8 26. Rxc8+ Qxc8 27.
Rc1 Qf5 28. d4 h5 29. Rc6 Qe6 30. Kf1 Kh7 31. Rxa6 Qc4+ 32. Be2 Qe6 33. Qxb5
Qa2 34. Bd3 Qd2 35. Qb1 Bc7 36. Bxg6+ Kh6 37. Qc2 Qxc2 38. Bxc2 1-0

[Event "FIRST SATURDAY FM-B JUNE 2013"]
[Site "Budapest"]
[Date "2013.06.03"]
[Round "3.1"]
[White "Szabo, Miklos Istvan"]
[Black "Csiba, Tibor Dr"]
[Result "1-0"]
[WhiteElo "1322"]
[BlackElo "1587"]
[PlyCount "57"]
[EventDate "2013.06.01"]

1. d4 Nf6 2. c4 g6 3. Nf3 Bg7 4. Nc3 d5 5. e3 O-O 6. Be2 Na6 7. c5 Nb4 8. a3
Nc6 9. O-O a6 10. Qc2 Bf5 11. Bd3 Bxd3 12. Qxd3 Re8 13. e4 dxe4 14. Nxe4 Nxe4
15. Qxe4 f5 16. Qe6+ Kh8 17. Ng5 Rf8 18. Nf7+ Rxf7 19. Qxf7 Qxd4 20. Be3 Qe4
21. Qb3 Nd4 22. Bxd4 Bxd4 23. Rae1 Qh4 24. Qxb7 Rg8 25. c6 f4 26. Qxc7 Bc5 27.
Qe5+ Qf6 28. Qxc5 f3 29. Qe5 1-0

[Event "FIRST SATURDAY FM-B JUNE 2013"]
[Site "Budapest"]
[Date "2013.06.03"]
[Round "3.2"]
[White "Brassoi-Tarnovszki, Aurel"]
[Black "Vasilev, Sergey"]
[Result "1/2-1/2"]
[WhiteElo "1642"]
[BlackElo "1521"]
[PlyCount "84"]
[EventDate "2013.06.01"]

1. e4 g6 2. d4 b6 3. f4 Bb7 4. Bd3 Bg7 5. Nf3 Nf6 6. Nc3 c5 7. e5 Nd5 8. Nxd5
Bxd5 9. c4 Bb7 10. d5 O-O 11. O-O d6 12. Qc2 dxe5 13. fxe5 Na6 14. a3 Nc7 15.
Bf4 e6 16. d6 Na6 17. Rad1 Nb8 18. Ng5 Nc6 19. Nf3 Qd7 20. Be4 Rad8 21. h4 Qc8
22. h5 Rd7 23. hxg6 fxg6 24. Bg3 Rdf7 25. Qe2 Qd7 26. Qe3 Nb8 27. Bxb7 Qxb7 28.
Nh2 Rxf1+ 29. Rxf1 Rxf1+ 30. Kxf1 Qf7+ 31. Nf3 Nd7 32. Ke2 Qf5 33. b3 Qc2+ 34.
Nd2 h6 35. Qf3 Qf5 36. Qa8+ Qf8 37. Qxa7 Bxe5 38. Bxe5 Nxe5 39. Qxb6 Nd7 40.
Qc6 Qf7 41. Ne4 Qf5 42. Nxc5 Qg4+ 1/2-1/2

[Event "FIRST SATURDAY FM-B JUNE 2013"]
[Site "Budapest"]
[Date "2013.06.03"]
[Round "3.3"]
[White "Marcu, Simon"]
[Black "Schmidt, Wolfgang"]
[Result "1-0"]
[WhiteElo "1879"]
[BlackElo "1450"]
[PlyCount "53"]
[EventDate "2013.06.01"]

1. d4 Nf6 2. c4 g6 3. Nc3 Bg7 4. e4 d6 5. Bd3 O-O 6. Nge2 Nc6 7. f3 e5 8. d5
Ne7 9. Be3 c6 10. Qd2 Ne8 11. g4 f5 12. g5 cxd5 13. cxd5 f4 14. Bf2 Bh3 15. Rg1
a6 16. Na4 Nc8 17. Rc1 Rf7 18. Qb4 b5 19. Nac3 Rc7 20. a4 Rb7 21. a5 Rc7 22.
Kd2 Bf8 23. Bh4 Be7 24. Nd1 Raa7 25. Nf2 Bd7 26. Ng4 Bxg4 27. Rxg4 1-0

[Event "FIRST SATURDAY FM-B JUNE 2013"]
[Site "Budapest"]
[Date "2013.06.03"]
[Round "3.4"]
[White "Mayer, Istvan"]
[Black "Nemeth, Otto"]
[Result "1-0"]
[WhiteElo "2060"]
[BlackElo "1724"]
[PlyCount "66"]
[EventDate "2013.06.01"]

1. e4 c5 2. Nf3 Nc6 3. d4 cxd4 4. Nxd4 d6 5. Nc3 a6 6. Bc4 Bd7 7. O-O Nf6 8. h3
Rc8 9. Re1 e5 10. Nf3 h6 11. Be3 b5 12. Bf1 Be6 13. a4 b4 14. Nd5 Bxd5 15. exd5
Nb8 16. a5 Be7 17. Qd2 Qc7 18. Bb6 Qb7 19. Rad1 Nfd7 20. Qxb4 Rxc2 21. Nd4 Rc8
22. Nf5 Nxb6 23. axb6 Qd7 24. Nxe7 Qxe7 25. f4 f6 26. Bd3 O-O 27. fxe5 fxe5 28.
Qe4 g5 29. Qg6+ Qg7 30. Qxd6 Rce8 31. Qb4 Qb7 32. Rc1 Rf7 33. Bg6 Rfe7 1-0

[Event "FIRST SATURDAY FM-B JUNE 2013"]
[Site "Budapest"]
[Date "2013.06.03"]
[Round "3.6"]
[White "Lukacs, Albert"]
[Black "Mihaly, Zoltan"]
[Result "0-1"]
[WhiteElo "1917"]
[BlackElo "1798"]
[PlyCount "64"]
[EventDate "2013.06.01"]

1. e4 c5 2. Nf3 g6 3. Bc4 Nc6 4. O-O Bg7 5. Re1 d6 6. Nc3 Nf6 7. d3 a6 8. Bg5
O-O 9. h3 b5 10. Bb3 Na5 11. e5 Nxb3 12. axb3 b4 13. Na4 Nd5 14. d4 cxd4 15.
Nxd4 Bb7 16. Nf3 Rc8 17. exd6 Qd7 18. dxe7 Rfe8 19. c4 bxc3 20. Nxc3 Rxc3 21.
bxc3 Bxc3 22. Re2 Bxa1 23. Qxa1 Qf5 24. Qa4 Nc7 25. Bf4 Nb5 26. Re5 Qd7 27. Bg5
Qd1+ 28. Re1 Qd6 29. Qc4 Bd5 30. Qh4 Bxf3 31. gxf3 Nd4 32. Rd1 Nxf3+ 0-1

[Event "FIRST SATURDAY FM-B JUNE 2013"]
[Site "Budapest"]
[Date "2013.06.04"]
[Round "4.1"]
[White "Csiba, Tibor Dr"]
[Black "Mihaly, Zoltan"]
[Result "0-1"]
[WhiteElo "1587"]
[BlackElo "1798"]
[PlyCount "112"]
[EventDate "2013.06.01"]

1. d4 d5 2. c4 c6 3. cxd5 cxd5 4. Bf4 Nf6 5. e3 Nc6 6. Nc3 a6 7. Nf3 Nh5 8. Bg3
Nxg3 9. hxg3 e6 10. Bd3 h6 11. O-O Bd7 12. Re1 Qb6 13. Rb1 Be7 14. b4 Qc7 15.
a3 Nxb4 16. Rc1 Nxd3 17. Qxd3 Bc6 18. Na2 Qa5 19. Rc3 O-O 20. Ne5 Bb5 21. Qc2
Bd6 22. Nc1 Bxa3 23. Nb3 Qd8 24. Ra1 Bb4 25. Rc7 Rc8 26. Rxc8 Qxc8 27. Rc1 Qxc2
28. Rxc2 Ba4 29. Rb2 Bxb3 30. Rxb3 a5 31. Nd3 Rb8 32. Nxb4 axb4 33. Rxb4 Kf8
34. Kf1 Ke7 35. Ke2 Kd6 36. Kd3 b5 37. Kc2 Kc6 38. Rb2 Kb6 39. Kb3 Rc8 40. Rb1
Rc4 41. Ra1 e5 42. dxe5 Re4 43. Rd1 Rxe5 44. Rd4 Kc6 45. Kb4 Re4 46. Rxe4 dxe4
47. f4 f5 48. Kb3 Kc5 49. Kc3 b4+ 50. Kb3 Kb5 51. Kc2 Kc4 52. Kb2 b3 53. g4
fxg4 54. g3 Kd3 55. Kxb3 Kxe3 56. Kc3 Kf2 0-1

[Event "FIRST SATURDAY FM-B JUNE 2013"]
[Site "Budapest"]
[Date "2013.06.04"]
[Round "4.3"]
[White "Nemeth, Otto"]
[Black "Steer, Jozsef"]
[Result "0-1"]
[WhiteElo "1724"]
[BlackElo "1938"]
[PlyCount "66"]
[EventDate "2013.06.01"]

1. e4 c6 2. d4 d5 3. e5 Bf5 4. Bd3 Bg6 5. h4 e6 6. h5 Bxd3 7. Qxd3 Qb6 8. Nc3
Nd7 9. b3 Bb4 10. Bd2 c5 11. Na4 Bxd2+ 12. Qxd2 Qc7 13. dxc5 Qxe5+ 14. Ne2
Qxa1+ 15. Nc1 Qe5+ 16. Kf1 Ngf6 17. Nd3 Qc7 18. f3 O-O-O 19. b4 Ne5 20. Nxe5
Qxe5 21. Kf2 d4 22. b5 Qe3+ 23. Qxe3 dxe3+ 24. Kxe3 Rd5 25. c4 Rxh5 26. Rxh5
Nxh5 27. g4 Nf6 28. b6 axb6 29. Nxb6+ Kc7 30. a4 Nd7 31. a5 Nxb6 32. cxb6+ Kc6
33. Kd4 Ra8 0-1

[Event "FIRST SATURDAY FM-B JUNE 2013"]
[Site "Budapest"]
[Date "2013.06.04"]
[Round "4.5"]
[White "Vasilev, Sergey"]
[Black "Marcu, Simon"]
[Result "0-1"]
[WhiteElo "1521"]
[BlackElo "1879"]
[PlyCount "56"]
[EventDate "2013.06.01"]

1. Nf3 d5 2. b4 Nd7 3. Bb2 Ngf6 4. e3 c6 5. c4 e6 6. a3 Bd6 7. Nc3 e5 8. cxd5
cxd5 9. Bb5 O-O 10. d3 Nb6 11. Na4 Nxa4 12. Bxa4 Qe7 13. O-O Bg4 14. h3 Bh5 15.
e4 dxe4 16. dxe4 Nxe4 17. Re1 Ng5 18. g4 Nxh3+ 19. Kf1 Bxg4 20. Qd3 Nf4 21. Qe4
Bh3+ 22. Kg1 Qf6 23. Bxe5 Bxe5 24. Qxe5 Ne2+ 25. Rxe2 Qxf3 26. Qe4 Qf6 27. Qxb7
Qxa1+ 28. Kh2 Be6 0-1

[Event "FIRST SATURDAY FM-B JUNE 2013"]
[Site "Budapest"]
[Date "2013.06.04"]
[Round "4.6"]
[White "Szabo, Miklos Istvan"]
[Black "Brassoi-Tarnovszki, Aurel"]
[Result "0-1"]
[WhiteElo "1322"]
[BlackElo "1642"]
[PlyCount "96"]
[EventDate "2013.06.01"]

1. d4 Nf6 2. c4 g6 3. Nf3 d6 4. Nc3 Bg7 5. Bg5 h6 6. Bxf6 Bxf6 7. e4 O-O 8. h3
Nd7 9. Qd2 Bg7 10. Bd3 e5 11. Ne2 exd4 12. Nexd4 Nc5 13. Bc2 Re8 14. Qe2 f5 15.
O-O-O Nxe4 16. Bxe4 Rxe4 17. Qc2 Qf6 18. Nb5 Be6 19. Rd4 Rxd4 20. Nbxd4 Bf7 21.
Re1 a6 22. g4 fxg4 23. hxg4 c5 24. g5 Qf4+ 25. Qd2 Qxd2+ 26. Nxd2 cxd4 27. Re7
b5 28. b3 Rc8 29. Ne4 Re8 30. Rxf7 Kxf7 31. Nxd6+ Ke7 32. Nxe8 Kxe8 33. gxh6
Bxh6+ 34. Kc2 Bg7 35. Kd3 Kd7 36. f3 Kc6 37. b4 bxc4+ 38. Kxc4 g5 39. a4 Bf6
40. b5+ axb5+ 41. axb5+ Kb6 42. Kd3 Kxb5 43. Ke2 Kc4 44. Kd2 d3 45. Kd1 Kc3 46.
Kc1 Be5 47. Kd1 Bf4 48. Ke1 Kc2 0-1

[Event "FIRST SATURDAY FM-B JUNE 2013"]
[Site "Budapest"]
[Date "2013.06.05"]
[Round "5.2"]
[White "Marcu, Simon"]
[Black "Szabo, Miklos Istvan"]
[Result "1-0"]
[WhiteElo "1879"]
[BlackElo "1322"]
[PlyCount "67"]
[EventDate "2013.06.01"]

1. d4 f5 2. c4 Nf6 3. Nc3 g6 4. g3 Bg7 5. Bg2 c6 6. Nf3 O-O 7. O-O d6 8. b4
Nbd7 9. Ng5 Nb6 10. Qb3 d5 11. cxd5 Nbxd5 12. e3 h6 13. Nf3 Ne4 14. Nxe4 fxe4
15. Nd2 Kh7 16. Nxe4 b6 17. Bb2 Bf5 18. Nd2 Be6 19. Qa4 b5 20. Qa3 Qd6 21. Bxd5
cxd5 22. f4 Bf5 23. Rac1 a5 24. bxa5 b4 25. Qa4 Bd7 26. Qb3 Rxa5 27. Rf2 Ba4
28. Qd3 Bb5 29. Qb1 Qa6 30. Rc5 e6 31. Nb3 Rxa2 32. Rxb5 Rxb2 33. Rxb2 Qxb5 34.
Nc5 1-0

[Event "FIRST SATURDAY FM-B JUNE 2013"]
[Site "Budapest"]
[Date "2013.06.05"]
[Round "5.3"]
[White "Mayer, Istvan"]
[Black "Vasilev, Sergey"]
[Result "1-0"]
[WhiteElo "2060"]
[BlackElo "1521"]
[PlyCount "61"]
[EventDate "2013.06.01"]

1. e4 b6 2. d4 g6 3. Nf3 Bg7 4. c3 Bb7 5. Bd3 d6 6. Qe2 Nf6 7. O-O O-O 8. Na3
a6 9. Nc2 c5 10. Bg5 c4 11. Bxc4 Nxe4 12. Bf4 b5 13. Bd3 Nf6 14. Rfe1 e6 15. h3
Nd5 16. Bg5 Qc7 17. Qd2 Re8 18. a4 bxa4 19. Bh6 Bh8 20. Rxa4 Nf6 21. Qf4 Nd5
22. Qh4 Nd7 23. Ng5 Qd8 24. Qg3 e5 25. Ne4 N5f6 26. Nxd6 exd4 27. Nxb7 Qb6 28.
Qf3 Rxe1+ 29. Nxe1 Qe6 30. Kf1 Re8 31. Ra1 1-0

[Event "FIRST SATURDAY FM-B JUNE 2013"]
[Site "Budapest"]
[Date "2013.06.05"]
[Round "5.4"]
[White "Steer, Jozsef"]
[Black "Schmidt, Wolfgang"]
[Result "1-0"]
[WhiteElo "1938"]
[BlackElo "1450"]
[PlyCount "45"]
[EventDate "2013.06.01"]

1. e4 c5 2. Nf3 d6 3. d4 cxd4 4. Nxd4 Nf6 5. Nc3 a6 6. Bc4 e6 7. Bb3 Nc6 8. Be3
Be7 9. f3 Na5 10. Qd2 Nxb3 11. axb3 Bd7 12. g4 O-O 13. O-O-O b5 14. h4 b4 15.
Nce2 Qa5 16. Kb1 Qd8 17. h5 d5 18. g5 dxe4 19. gxf6 Bxf6 20. fxe4 Be8 21. h6 g6
22. Nf3 Qb8 23. Bc5 1-0

[Event "FIRST SATURDAY FM-B JUNE 2013"]
[Site "Budapest"]
[Date "2013.06.05"]
[Round "5.6"]
[White "Mihaly, Zoltan"]
[Black "Takacs, Zsolt"]
[Result "1/2-1/2"]
[WhiteElo "1798"]
[BlackElo "1830"]
[PlyCount "49"]
[EventDate "2013.06.01"]

1. c4 Nf6 2. g3 g6 3. Nc3 c5 4. Bg2 Bg7 5. e3 Nc6 6. Nge2 O-O 7. O-O d6 8. Rb1
Rb8 9. a3 Bg4 10. Qc2 e5 11. b4 cxb4 12. axb4 Qd7 13. Re1 Rfe8 14. Ba3 e4 15.
Nf4 Ne5 16. Nxe4 Nxe4 17. Bxe4 Nf3+ 18. Bxf3 Bxf3 19. Qd3 Be4 20. Qe2 Bxb1 21.
Rxb1 Qa4 22. Qd3 b5 23. cxb5 Rxb5 24. Nd5 Rbb8 25. b5 1/2-1/2

[Event "FIRST SATURDAY FM-B JUNE 2013"]
[Site "Budapest"]
[Date "2013.06.06"]
[Round "6.1"]
[White "Csiba, Tibor Dr"]
[Black "Takacs, Zsolt"]
[Result "0-1"]
[WhiteElo "1587"]
[BlackElo "1830"]
[PlyCount "66"]
[EventDate "2013.06.01"]

1. d4 Nf6 2. c4 g6 3. Nc3 d5 4. Nf3 Bg7 5. Qa4+ Bd7 6. Qb3 dxc4 7. Qxc4 O-O 8.
Bf4 c6 9. e4 Be6 10. Qd3 Nbd7 11. Be2 b5 12. b3 Nb6 13. O-O b4 14. Nd1 Nfd7 15.
Ne3 f5 16. e5 Nd5 17. Nxd5 Bxd5 18. Qd2 a5 19. Bh6 e6 20. Rac1 Qb6 21. Be3 a4
22. Bc4 axb3 23. axb3 Ra3 24. Qb2 Rfa8 25. Ra1 Qa5 26. Rxa3 Qxa3 27. Qxa3 bxa3
28. Ra1 c5 29. Nd2 cxd4 30. Bxd4 Nxe5 31. Ra2 Nxc4 32. Bxg7 Nxd2 33. Rxd2 Kxg7
0-1

[Event "FIRST SATURDAY FM-B JUNE 2013"]
[Site "Budapest"]
[Date "2013.06.06"]
[Round "6.3"]
[White "Schmidt, Wolfgang"]
[Black "Lukacs, Albert"]
[Result "0-1"]
[WhiteElo "1450"]
[BlackElo "1917"]
[PlyCount "58"]
[EventDate "2013.06.01"]

1. d4 d5 2. c4 e6 3. Nc3 Nf6 4. e3 a6 5. cxd5 exd5 6. a4 Bb4 7. Bd2 Nc6 8. Bd3
Qe7 9. Nge2 Bg4 10. Rc1 Rd8 11. O-O O-O 12. Qc2 Bd6 13. Na2 Bxe2 14. Bxe2 Nxd4
15. Qd1 Nxe2+ 16. Qxe2 Qe5 17. g3 d4 18. Nb4 Rfe8 19. Nd3 Qf5 20. Kg2 Nd5 21.
Rce1 Re4 22. f3 Rxe3 23. Bxe3 Nxe3+ 24. Kg1 c5 25. Rf2 c4 26. Nc1 Bb4 27. Na2
Bxe1 28. Qxe1 h5 29. Qe2 Qb1+ 0-1

[Event "FIRST SATURDAY FM-B JUNE 2013"]
[Site "Budapest"]
[Date "2013.06.06"]
[Round "6.4"]
[White "Vasilev, Sergey"]
[Black "Steer, Jozsef"]
[Result "1/2-1/2"]
[WhiteElo "1521"]
[BlackElo "1938"]
[PlyCount "36"]
[EventDate "2013.06.01"]

1. b4 d5 2. Bb2 Bf5 3. g3 e6 4. a3 Nf6 5. Bg2 c6 6. Nf3 Nbd7 7. Nh4 Bg6 8. d3
Qc7 9. Nd2 Be7 10. Nb3 O-O 11. Nxg6 hxg6 12. e4 Rfd8 13. Qe2 a6 14. O-O c5 15.
c3 Rac8 16. Rac1 Qb6 17. Na5 Rc7 18. Rfd1 Rdc8 1/2-1/2

[Event "FIRST SATURDAY FM-B JUNE 2013"]
[Site "Budapest"]
[Date "2013.06.06"]
[Round "6.6"]
[White "Brassoi-Tarnovszki, Aurel"]
[Black "Marcu, Simon"]
[Result "0-1"]
[WhiteElo "1642"]
[BlackElo "1879"]
[PlyCount "41"]
[EventDate "2013.06.01"]

1. e4 d5 2. exd5 Qxd5 3. Nc3 Qa5 4. d4 Nf6 5. Nf3 c6 6. h3 b5 7. Bd2 Qb6 8. Bd3
e6 9. O-O Be7 10. Be3 Nd5 11. Nxd5 exd5 12. Ne5 O-O 13. c3 Be6 14. Qc2 g6 15.
f4 f5 16. Rf2 Nd7 17. g4 c5 18. Rg2 c4 19. Be2 Nxe5 20. fxe5 f4 21. Bf2 0-1

[Event "FIRST SATURDAY FM-B JUNE 2013"]
[Site "Budapest"]
[Date "2013.06.07"]
[Round "7.1"]
[White "Marcu, Simon"]
[Black "Csiba, Tibor Dr"]
[Result "1-0"]
[WhiteElo "1879"]
[BlackElo "1587"]
[PlyCount "67"]
[EventDate "2013.06.01"]

1. d4 Nf6 2. c4 g6 3. Nc3 d5 4. e3 Bg7 5. Nf3 O-O 6. b4 dxc4 7. Bxc4 a6 8. a4
Nc6 9. Ba3 Re8 10. O-O e5 11. Ng5 Be6 12. Qb3 Bxc4 13. Qxc4 Qd7 14. d5 Nd8 15.
e4 c6 16. Rac1 Rc8 17. Qd3 Ne6 18. Nxe6 fxe6 19. d6 Red8 20. b5 a5 21. Rcd1 c5
22. b6 Rc6 23. Nb5 Rxb6 24. Bxc5 Rc6 25. Ba3 Bf8 26. f4 exf4 27. Rxf4 Ne8 28.
e5 Bh6 29. Rf3 Bg7 30. Qe4 Nc7 31. Nxc7 Rxc7 32. dxc7 Qxd1+ 33. Rf1 Rd4 34.
c8=Q+ 1-0

[Event "FIRST SATURDAY FM-B JUNE 2013"]
[Site "Budapest"]
[Date "2013.06.07"]
[Round "7.2"]
[White "Mayer, Istvan"]
[Black "Brassoi-Tarnovszki, Aurel"]
[Result "1-0"]
[WhiteElo "2060"]
[BlackElo "1642"]
[PlyCount "69"]
[EventDate "2013.06.01"]

1. e4 e6 2. d4 d5 3. Nc3 Bb4 4. e5 c5 5. a3 Bxc3+ 6. bxc3 cxd4 7. cxd4 Nc6 8.
Nf3 Nge7 9. Bd3 Bd7 10. O-O Qc7 11. Bg5 h6 12. Be3 f5 13. exf6 gxf6 14. Qe1
O-O-O 15. c4 Rdg8 16. g3 Ng6 17. Kh1 h5 18. Rc1 f5 19. cxd5 exd5 20. Bg5 Qd6
21. h4 Kb8 22. Rc3 Ka8 23. Qb1 Nce7 24. Re1 Rh7 25. Kg2 f4 26. Rxe7 Rxe7 27.
Bxg6 Reg7 28. Bf5 fxg3 29. fxg3 a6 30. Ne5 Bxf5 31. Qxf5 Qb6 32. Kh3 Rc7 33.
Nd7 Qa5 34. Rxc7 Qxc7 35. Qxd5 1-0